01193 a2200217 4500003000500000005001700005010001600022020001500038040000900053082001700062100001800079245016000097250001200257260005100269300007800320505047400398650002300872650002400895700002600919700003000945Nust20230227133753.0 a 99032022 a0534533973 cNust00a174.962, HAR1 aHarris, C. E.10aEngineering ethics :bconcepts and cases /cCharles E. Harris, Jr., Michael S. Pritchard, Michael J. Rabins ; with a new CD-Rom prepared by Donald Searing. a2nd ed. aAustralia ;aBelmont, CA :bWadsworth,cc2000. axx, 377 p. :bill. ;c24 cm. +e1 computer laser optical disc (4 3/4 in.) aIntroduction (Page-1), Professionalism and Code of Ethics (Page-25), On Becoming a Responsible Engineer (Page-55), Introduction to Moral Thinking (Page-95), Methods for Moral Problem Solving (Page-125), Tests in Moral Problem Solving (Page-155), Honesty, Truthfulness and Reliability (Page-187), Risk, Safety and Liability in Engineering (Page-227), Engineers as Employees (Page-265), Engineers and The Environment (Page-315), Promoting and Enforcing Ethics (Page-355). 0aEngineering ethics 0aEngineering ethics.1 aPritchard, Michael S.1 aRabins, Michael J.d1932-